<?xml version="1.0" encoding="UTF-8"?>
<record
    xmlns:xsi="http://www.w3.org/2001/XMLSchema-instance"
    xsi:schemaLocation="http://www.loc.gov/MARC21/slim http://www.loc.gov/standards/marcxml/schema/MARC21slim.xsd"
    xmlns="http://www.loc.gov/MARC21/slim">

  <leader>03286cam a2200349   4500500</leader>
  <controlfield tag="005">20250413040632.0</controlfield>
  <datafield tag="041" ind1=" " ind2=" ">
    <subfield code="a">fre</subfield>
  </datafield>
  <datafield tag="042" ind1=" " ind2=" ">
    <subfield code="a">dc</subfield>
  </datafield>
  <datafield tag="100" ind1="1" ind2="0">
    <subfield code="a">Grosset&#xEA;te, Matthieu</subfield>
    <subfield code="e">author</subfield>
  </datafield>
  <datafield tag="245" ind1="0" ind2="0">
    <subfield code="a">Un genre d&#xE9;class&#xE9;&#xA0;: l&#x2019;information de sant&#xE9; &#xE0; l&#x2019;&#xE9;preuve de la f&#xE9;minisation du journalisme</subfield>
  </datafield>
  <datafield tag="260" ind1=" " ind2=" ">
    <subfield code="c">2016.
							</subfield>
  </datafield>
  <datafield tag="500" ind1=" " ind2=" ">
    <subfield code="a">80</subfield>
  </datafield>
  <datafield tag="520" ind1=" " ind2=" ">
    <subfield code="a">S&#x2019;appuyant sur une enqu&#xEA;te par entretiens aupr&#xE8;s de journalistes de t&#xE9;l&#xE9;vision sp&#xE9;cialistes des questions de sant&#xE9; ainsi que sur des donn&#xE9;es statistiques produites &#xE0; partir des archives de l&#x2019;Institut national de l&#x2019;audiovisuel, cet article aborde la question des assignations de genre au sein des r&#xE9;dactions des grandes cha&#xEE;nes g&#xE9;n&#xE9;ralistes. Il interroge la f&#xE9;minisation &#x2018;par le haut&#x2019; de la profession et ses effets sur le rapport au corps des journalistes ainsi que sur les processus de production de l&#x2019;information de sant&#xE9;. Il montre notamment qu&#x2019;en se focalisant sur la question du bien-&#xEA;tre, le traitement journalistique de ce th&#xE8;me d&#x2019;actualit&#xE9; privil&#xE9;gie les pr&#xE9;occupations corporelles des fractions f&#xE9;minines des groupes sociaux favoris&#xE9;s.</subfield>
  </datafield>
  <datafield tag="520" ind1=" " ind2=" ">
    <subfield code="a">Based on interviews undertaken with television journalists specialising in health issues and on statistical data drawn from the archives of the Institut national de l&#x2019;audiovisuel [National Audiovisual Institute], this article tackles the question of assigned gender roles within the editorial teams of the major general-interest channels. It examines how the profession has been feminised from above, and the effects of this on journalists&#x2019; relationships with their bodies as well as on the process by which health information is produced. It demonstrates in particular that in focusing on well-being &#x2014; the hot topic of the moment &#x2014; journalism privileges the bodily concerns of women from better-off social groups.</subfield>
  </datafield>
  <datafield tag="520" ind1=" " ind2=" ">
    <subfield code="a">Basado en una encuesta por entrevistas a periodistas de televisi&#xF3;n especialistas en temas de salud y en datos estad&#xED;sticos producidos a partir de los archivos del Instituto Nacional del Audiovisual, este art&#xED;culo plantea la cuesti&#xF3;n de las asignaciones de g&#xE9;nero en los equipos de redacci&#xF3;n de los principales canales de televisi&#xF3;n generalistas. Cuestiona la feminizaci&#xF3;n &#x2018;por arriba&#x2019; de la profesi&#xF3;n y sus efectos en la relaci&#xF3;n con el cuerpo de los periodistas, as&#xED; como sobre los procesos de producci&#xF3;n de la informaci&#xF3;n de salud. Muestra en particular que al centrarse en la cuesti&#xF3;n del bienestar, el tratamiento period&#xED;stico de este tema de actualidad favorece las preocupaciones corporales de las fracciones femeninas de grupos sociales privilegiados.</subfield>
  </datafield>
  <datafield tag="690" ind1=" " ind2=" ">
    <subfield code="a">Corps</subfield>
  </datafield>
  <datafield tag="690" ind1=" " ind2=" ">
    <subfield code="a">F&#xE9;minisation des professions</subfield>
  </datafield>
  <datafield tag="690" ind1=" " ind2=" ">
    <subfield code="a">Journalistes</subfield>
  </datafield>
  <datafield tag="690" ind1=" " ind2=" ">
    <subfield code="a">Journaux t&#xE9;l&#xE9;vis&#xE9;s</subfield>
  </datafield>
  <datafield tag="690" ind1=" " ind2=" ">
    <subfield code="a">M&#xE9;dias</subfield>
  </datafield>
  <datafield tag="690" ind1=" " ind2=" ">
    <subfield code="a">Normes</subfield>
  </datafield>
  <datafield tag="690" ind1=" " ind2=" ">
    <subfield code="a">Sant&#xE9; (information de)</subfield>
  </datafield>
  <datafield tag="690" ind1=" " ind2=" ">
    <subfield code="a">Bodies</subfield>
  </datafield>
  <datafield tag="690" ind1=" " ind2=" ">
    <subfield code="a">Feminisation of professions</subfield>
  </datafield>
  <datafield tag="690" ind1=" " ind2=" ">
    <subfield code="a">health (information)</subfield>
  </datafield>
  <datafield tag="690" ind1=" " ind2=" ">
    <subfield code="a">Journalists</subfield>
  </datafield>
  <datafield tag="690" ind1=" " ind2=" ">
    <subfield code="a">Media</subfield>
  </datafield>
  <datafield tag="690" ind1=" " ind2=" ">
    <subfield code="a">Norms</subfield>
  </datafield>
  <datafield tag="690" ind1=" " ind2=" ">
    <subfield code="a">Television news</subfield>
  </datafield>
  <datafield tag="786" ind1="0" ind2=" ">
    <subfield code="n">Cahiers du Genre | 61 | 2 | 2016-12-01 | p. 151-168 | 1298-6046</subfield>
  </datafield>
  <datafield tag="856" ind1="4" ind2="1">
    <subfield code="u">https://shs.cairn.info/revue-cahiers-du-genre-2016-2-page-151?lang=fr&amp;redirect-ssocas=7080</subfield>
  </datafield>
  <datafield tag="999" ind1=" " ind2=" ">
    <subfield code="c">1136421</subfield>
    <subfield code="d">1136421</subfield>
  </datafield>
</record>
